[Event "Sachsen-ch"]
[Site "Leipzig"]
[Date "2018.11.03"]
[Round "4"]
[White "Bauer, Timo"]
[Black "Fischer, Edwin"]
[Result "0-1"]
[WhiteElo "1836"]
[BlackElo "2155"]
[PlyCount "32"]
[EventDate "2018.11.02"]
[EventType "swiss"]
[EventRounds "6"]
[EventCountry "GER"]
[SourceTitle "CBM 187 Extra"]
[Source "ChessBase"]
[SourceDate "2018.11.04"]
[SourceVersion "1"]
[SourceVersionDate "2018.11.04"]
[SourceQuality "1"]

1. d4 d5 2. Nf3 Nf6 3. c4 dxc4 4. Nc3 Nc6 5. Bf4 Nd5 6. Bg3 Bf5 7. Nh4 e6 8. Nxf5 exf5 9. e3 Bb4 10. Rc1 0-0 11. Bxc4 f4 12. exf4 Re8+ 13. Be2 Qe7 14. a3 Nxc3 15. bxc3 Nxd4 16. axb4 Nxe2 0-1

[Event "Frankfurt-ch"]
[Site "Frankfurt"]
[Date "2008.06.09"]
[Round "6"]
[White "Bauer, Timo"]
[Black "Czech, Ludwig"]
[Result "0-1"]
[WhiteElo "1730"]
[BlackElo "2075"]
[PlyCount "72"]
[EventDate "2008.04.28"]
[EventType "swiss"]
[EventRounds "7"]
[EventCountry "GER"]
[SourceTitle "EXT 2009"]
[Source "ChessBase"]
[SourceDate "2008.11.26"]
[SourceVersion "1"]
[SourceVersionDate "2008.11.26"]
[SourceQuality "1"]

1. e4 e6 2. Nf3 d5 3. e5 c5 4. Bb5+ Bd7 5. Qe2 Nc6 6. 0-0 Nge7 7. Nc3 a6 8. Bxc6 Nxc6 9. d3 Be7 10. Bf4 0-0 11. Rfe1 b5 12. Qd2 Rc8 13. Bg5 b4 14. Bxe7 bxc3 15. bxc3 Nxe7 16. Ng5 h6 17. Nh3 Qa5 18. Qf4 Qxc3 19. Rac1 Qb4 20. c4 Ng6 21. Qe3 d4 22. Qg3 Bc6 23. Rb1 Qd2 24. Red1 Qa5 25. f4 Ne7 26. Nf2 Nf5 27. Qh3 Ne3 28. Ng4 Qxa2 29. Nxe3 dxe3 30. Qg3 Rb8 31. Ra1 Qe2 32. Re1 Qxd3 33. Rxa6 Rfc8 34. f5 Qxf5 35. Qxe3 Rb2 36. Rxc6 Rxc6 0-1

[Event "Frankfurt-ch"]
[Site "Frankfurt"]
[Date "2008.05.26"]
[Round "4"]
[White "Bauer, Timo"]
[Black "Bauer, Alfred"]
[Result "1-0"]
[WhiteElo "1730"]
[BlackElo "1400"]
[PlyCount "76"]
[EventDate "2008.04.28"]
[EventType "swiss"]
[EventRounds "7"]
[EventCountry "GER"]
[SourceTitle "EXT 2009"]
[Source "ChessBase"]
[SourceDate "2008.11.26"]
[SourceVersion "1"]
[SourceVersionDate "2008.11.26"]
[SourceQuality "1"]

1. d4 d5 2. Nf3 e6 3. c4 Nf6 4. Bg5 c6 5. e3 Nbd7 6. Nc3 Qa5 7. Bxf6 Nxf6 8. Bd3 Bb4 9. Qc2 Ne4 10. 0-0 Nxc3 11. a3 dxc4 12. Bxc4 Nd5 13. axb4 Qxb4 14. Ra3 0-0 15. e4 Nb6 16. Rb3 Qe7 17. Bd3 Bd7 18. Ra1 Rfc8 19. Qc5 Kf8 20. Qh5 h6 21. h4 c5 22. dxc5 Rxc5 23. Ne5 Ke8 24. Rxb6 axb6 25. Rxa8+ Bc8 26. Bb5+ Kd8 27. Qd1+ Kc7 28. b4 Rxb5 29. Qc1+ Kd6 30. Qf4 Rxe5 31. Rxc8 f6 32. Qd2+ Rd5 33. exd5 exd5 34. Rc1 Qe5 35. b5 g5 36. hxg5 hxg5 37. Re1 Qf5 38. Qb4+ Kd7 1-0

[Event "Frankfurt-ch"]
[Site "Frankfurt"]
[Date "2008.05.19"]
[Round "3"]
[White "Krueger, Till"]
[Black "Bauer, Timo"]
[Result "1-0"]
[WhiteElo "2069"]
[BlackElo "1730"]
[PlyCount "55"]
[EventDate "2008.04.28"]
[EventType "swiss"]
[EventRounds "7"]
[EventCountry "GER"]
[SourceTitle "EXT 2009"]
[Source "ChessBase"]
[SourceDate "2008.11.26"]
[SourceVersion "1"]
[SourceVersionDate "2008.11.26"]
[SourceQuality "1"]

1. e4 g6 2. d4 Bg7 3. Be3 d6 4. h3 Nf6 5. Nc3 c6 6. Nf3 b5 7. Bd3 Na6 8. 0-0 Rb8 9. e5 Nd5 10. Nxd5 cxd5 11. c3 Bf5 12. Bxf5 gxf5 13. Bf4 dxe5 14. Nxe5 Rc8 15. Qd3 Qb6 16. Qxf5 Qe6 17. Qd3 Bxe5 18. Qxb5+ Kf8 19. Bxe5 Rg8 20. Qd3 Rg6 21. Rae1 Qb6 22. Re2 Qa5 23. f4 f6 24. f5 Rg7 25. Bf4 Ke8 26. Rfe1 Nb8 27. Re6 Qxa2 28. Qe2 1-0

[Event "Frankfurt-ch"]
[Site "Frankfurt"]
[Date "2007.05.07"]
[Round "2"]
[White "Adair, Monte"]
[Black "Bauer, Timo"]
[Result "0-1"]
[WhiteElo "1412"]
[BlackElo "1708"]
[PlyCount "86"]
[EventDate "2007.04.30"]
[EventType "swiss"]
[EventRounds "7"]
[EventCountry "GER"]
[SourceTitle "EXT 2008"]
[Source "ChessBase"]
[SourceDate "2007.11.25"]
[SourceVersion "1"]
[SourceVersionDate "2007.11.25"]
[SourceQuality "1"]

1. e4 c5 2. Nc3 Nc6 3. d3 Nf6 4. Be2 g6 5. Nf3 Bg7 6. 0-0 0-0 7. Be3 b6 8. a3 Bb7 9. Qc1 Re8 10. h3 d5 11. exd5 Nxd5 12. Bd2 e5 13. Ng5 Nd4 14. Bd1 Nf4 15. Bxf4 exf4 16. Qxf4 Qe7 17. Nf3 Nf5 18. Rb1 Bh6 19. Qc4 Rad8 20. Be2 Nd4 21. Nxd4 cxd4 22. Nb5 Qxe2 23. Nxd4 Qe5 24. Nc6 Bxc6 25. Qxc6 Bd2 26. Qf3 b5 27. c3 Qe2 28. Qg3 Rxd3 29. Qh4 Re4 30. Qf6 Qh5 31. Qc6 Re6 32. Qa8+ Kg7 33. Qxa7 Re5 34. Qb8 Qg5 35. Qc7 Rxh3 36. Qd6 Rh5 37. Rbd1 Qh4 38. Qxe5+ Rxe5 39. Rxd2 Rh5 40. f3 Qh2+ 41. Kf2 Rg5 42. Ke1 Rxg2 43. Rff2 Qg1+ 0-1

[Event "Frankfurt-ch"]
[Site "Frankfurt"]
[Date "2006.05.29"]
[Round "6"]
[White "Bauer, Timo"]
[Black "Kolompar, Josef"]
[Result "0-1"]
[WhiteElo "1707"]
[BlackElo "1909"]
[PlyCount "120"]
[EventDate "2006.04.24"]
[EventType "swiss"]
[EventRounds "7"]
[EventCountry "GER"]
[SourceTitle "EXT 2007"]
[Source "ChessBase"]
[SourceDate "2006.11.23"]
[SourceVersion "1"]
[SourceVersionDate "2006.11.23"]
[SourceQuality "1"]

1. d4 Nf6 2. Nf3 e6 3. c4 Bb4+ 4. Bd2 Be7 5. Nc3 d5 6. e3 0-0 7. Bd3 b6 8. Rc1 Bb7 9. cxd5 exd5 10. 0-0 Nbd7 11. Ne2 Re8 12. Ne5 c5 13. Bb5 Qc7 14. Ng3 a6 15. Bxd7 Nxd7 16. Nf3 g6 17. dxc5 bxc5 18. b4 c4 19. Bc3 Qd6 20. Qd2 f6 21. Rfd1 Ne5 22. Qd4 Nd3 23. Rb1 Bc6 24. Ne1 Ne5 25. Rb2 Qe6 26. Ne2 Red8 27. Qf4 Ba4 28. Nd4 Qf7 29. Rdb1 Bd6 30. Qh6 Ng4 31. Qh3 Bd7 32. Qf3 Nxh2 33. Qd1 Ng4 34. Nef3 Qe7 35. Ne2 Be6 36. Nfd4 Bd7 37. Nf4 Nxe3 38. Qf3 Bxf4 39. Qxf4 Ng4 40. Re1 Ne5 41. Nf3 Nxf3+ 42. Qxf3 Qf7 43. Qxf6 Qxf6 44. Bxf6 Re8 45. Rbe2 Kf7 46. Rxe8 Rxe8 47. Rxe8 Bxe8 48. Bd4 Ke6 49. f3 Kd6 50. Kf2 Kc6 51. Ke3 Kb5 52. Bc3 Ka4 53. Kd4 Bf7 54. Kc5 Ka3 55. Kb6 Kxa2 56. Kxa6 Be8 57. b5 Kb3 58. Bd4 c3 59. b6 Bc6 60. b7 Bxb7+ 0-1